| 000 | 00728nam a2200205 a 4500 | ||
|---|---|---|---|
| 005 | 20220625063500.0 | ||
| 008 | 991125s1992 mx 000 0 spa u | ||
| 020 | _a9688057452 | ||
| 035 | _aUPN01000008387 | ||
| 049 | _aCG | ||
| 050 | 4 |
_aJC571 _bC43 |
|
| 245 | 0 | 0 |
_aClásicos universales de los derechos humanos / _ccomp. Daniel E. Herrendorf. |
| 260 |
_aMéxico : _bCNDH, _c1992. |
||
| 300 | _a3 v. | ||
| 440 | 0 | _aClásicos | |
| 505 | 8 |
_aContenido: _gv.1. _tFilosofía de los derechos -- _gv.2. _tSociología de los derechos humanos -- _gv.3. _tTeoría general y política de los derechos humanos |
|
| 650 | 2 |
_aDerechos civiles _xInterpretación y construcción _97718 |
|
| 700 | 1 |
_aHerrendorf, Daniel E., _ecomp. |
|
| 905 | _aLibro | ||
| 999 |
_c8387 _d8387 |
||